000 00473nam a2200169Ia 4500
003 GCL
008 140319s9999 xx 000 0 eng d
040 _aGCL /
_cGCL
082 0 4 _a005.13
_bE P
100 1 _aELIENS, ANTON
245 1 0 _aPRINCIPLES OF OBJECT-ORIENTED SOFTWARE DEVELOPMENT /
_cELIENS, ANTON
260 _a[S.N] :
_bADDISON - WESLEY PUBLISHING COMPANY ،
_c1994
300 _a513 P
650 0 4 _aOBJECT - ORIENTED
650 0 4 _aSOFT WARE
942 _2ddc
_cBK
999 _c23821
_d23821